| 000 | 00000nam##2200000za#4500 |
| 001 | 9.692721 |
| 003 | CaOODSP |
| 005 | 20210624233336 |
| 007 | cr ||||||||||| |
| 008 | 150407|2000||||xxc|||||o f|0| 0 eng|d |
| 040 | |aCaOODSP|beng |
| 043 | |an-cn--- |
| 086 | 1 |aCi51-96/2000E-PDF |
| 110 | 1 |aCanada. |bCitizenship and Immigration Canada. |
| 245 | 10|aBelonging - an activity guide for teachers and youth leaders |h[electronic resource] |
| 260 | |aOttawa - Ontario : |bCitizenship and Immigration Canada |c[2000]. |
| 300 | |a36p.|bcoloured illus. |
| 590 | |a10-10-Supp|b2010-11-09 |
| 690 | 07|aAdolescents|2gcpds |
| 690 | 07|aChildren|2gcpds |
| 690 | 07|aTeachers|2gcpds |
| 690 | 07|aCitizenship|2gcpds |
| 775 | 08|tL'appartenance - guide d'activités pour enseignants et responsables de jeunes |w(CaOODSP)9.636937 |
| 776 | 0#|tBelonging: an activity guide for teachers and youth leaders |w(CaOODSP)9.662155 |
| 776 | 0#|tL'appartenance: guide d'activités pour enseignants et responsables de jeunes |w(CaOODSP)9.662156 |
| 856 | 40|ahttp://publications.gc.ca|qPDF|s591 KB|uhttps://publications.gc.ca/collections/Collection/Ci51-96-2000E.pdf |